| 000 | 00707nam a2200181Ia 4500 | ||
|---|---|---|---|
| 008 | 090122s9999 xx 000 0 und d | ||
| 082 | _b10991 | ||
| 100 |
_aअष्टीकर _bमंदाकिनी |
||
| 245 | _aस्वर सुरांची स्मृती आगळी | ||
| 260 |
_bनिशिगंधा _c2007 |
||
| 300 | _a216 | ||
| 501 | _aज्ञानदा ग्रंथ वितरण / बि. नं.678-90-91-98 | ||
| 600 | _aअष्टीकर | ||
| 630 | _aस्वर सुरांची स्मृती आगळी | ||
| 700 | _aअष्टीकर | ||
| 730 | _aस्वर सुरांची स्मृती आगळी | ||
| 942 | _cBOOK | ||
| 999 |
_c35068 _d35068 |
||